000
00300nam a22001337a 4500
008
170911b xxu||||| |||| 00| 0 eng d
020
_a
9781560534419
041
_a
eng
080
_2
3RD
_a
53
100
_a
43
101
_a
FIZ
245
_a
TEAM PHYSICIAN'S HANDBOOK
_c
MELLION,M.B
942
_2
udc
_c
BK
999
_c
27204
_d
27204